XIV Congreso chileno de ingeniería eléctrica
Guardado en:
| Formato: | Libro |
|---|---|
| Lenguaje: | español inglés portugués |
| Publicado: |
Antofagasta
Universidad de Antofagasta
2001
|
| Materias: | |
| Etiquetas: |
Agregar Etiqueta
Sin Etiquetas, Sea el primero en etiquetar este registro!
|
MARC
| LEADER | 00000nam a2200000 a 4500 | ||
|---|---|---|---|
| 001 | UCM1803 | ||
| 003 | CL-VaPUC | ||
| 005 | 20231121085930.0 | ||
| 008 | 020412e20010000cl 1 spa d | ||
| 041 | 0 | 7 | |a spa |2 CL-VaPUC |
| 041 | 0 | 7 | |a eng |2 CL-VaPUC |
| 041 | 0 | 7 | |a por |2 CL-VaPUC |
| 082 | 0 | 4 | |a 621.3 |b CON |2 21 |
| 245 | 1 | 0 | |a XIV Congreso chileno de ingeniería eléctrica |
| 260 | |a Antofagasta |b Universidad de Antofagasta |c 2001 | ||
| 300 | |a 412 p | ||
| 583 | |a last modification |c 20020412 00:00:00 |k Rodrigo Vera | ||
| 650 | 0 | 7 | |a CONTROL DE PROCESOS INDUSTRIALES |2 CL-VaPUC |9 263906 |
| 650 | 0 | 0 | |a Energía eléctrica |9 256678 |
| 650 | 0 | 0 | |a Ingeniería biomédica |9 262962 |
| 650 | 0 | 0 | |a Ingeniería eléctrica |9 260573 |
| 650 | 0 | 0 | |a Sistemas eléctricos de potencia |9 260291 |
| 650 | 0 | 0 | |a Telecomunicaciones |9 257195 |
| 942 | |c BK | ||
| 945 | |a cmena |d 20020412 00:00:00 | ||
| 546 | |a En Español | ||
| 546 | |a En Inglés | ||
| 546 | |a En Portugués | ||
| 518 | |p Congreso Chileno de Ingeniería Eléctrica, 14, Antofagasta, 19 al 22 de noviembre 2001 | ||
| 999 | |c 383769 |d 383767 | ||
| 952 | |0 0 |1 0 |4 0 |6 621_300000000000000_CON_2001 |7 0 |8 A |9 506025 |a BIBING |b BIBING |d 2020-01-23 |i 3800016 |o 621.3 CON 2001 |p 3800016 |r 2025-01-20 |w 2020-01-23 |y BK |k EIE | ||